| 000 | 00844nam a2200205 a 4500 | ||
|---|---|---|---|
| 008 | 120416s1989 ||||||||||||||||| || u | ||
| 020 | _a0333495241 | ||
| 020 | _a033349525X | ||
| 050 | _aHB 61 New | ||
| 100 | _aEatwell, John | ||
| 245 | 1 | 4 |
_aThe New Palgrave: general equilibrium _cedited by John Eatwell, and others |
| 260 |
_aLondon: _bMacmillan Reference Books _c1989 |
||
| 300 | _a346 p.: ill. | ||
| 350 | _a0.00 | ||
| 500 | _a"First published in the New Palgrave, a dictionary of economics ... in four volumes, 1987."--Verso t.p. -Includs bibliographical references. | ||
| 650 | 0 | _aEQUILIBRIUM--ECONOMICS | |
| 700 | _aMilgate, Murray | ||
| 700 | _aNewman, Peter K., 1928- | ||
| 995 |
_D0.00 _FCBU-MAIN LIBRARY (Kitwe) _H1 _I10.95 _M1 _UAVAILABLE _ZMain Library Open Access Collection |
||
| 999 |
_c52169 _d52169 |
||